000 00525 a2200193 4500
001 47355
005 20260407155741.0
008 260407a1985 arg spa d
003 AR-UNSa-BCEJYS
040 _aAR-UNSa-BCEJYS
_bspa
_cAR-UNSa-BCEJYS
080 _a94:33
_xHistoria económica
245 1 0 _aHistoria económica mundial del siglo XX
264 1 _aBarcelona :
_bCrítica
_c1985
300 _a6 v.
_c20 cm.
041 _aspa
942 _cBK
590 _aniveau_biblio:m niveau_hierar:0
100 1 _aFischer, Wolfram
999 _c4346
_d4346